00433nam a2200157Ia 45000010006000000050017000060080041000230410008000640820015000721000030000872450105001172600009002223000028002316500008002596540008002672436920260414151038.0260414t2021||||xx |||||||||||||| ||spa|| aESP a345.7bA74 aArmenta Deu, Teresa,eAUT 0aDerivas de la justicia :butela de los derechos y solución de controversias en tiempos de cambios c2021 a347 páginas :c24 cm. aDER aCDE